000 00727nam a2200181Ia 4500
008 220216s9999 xx 000 0 und d
100 _aZeppernick F
245 0 _aRolls and Rollers
260 _bGummi Fasern Kunstoffe
_c1996
300 _a22-30
500 _aSource Year: 1996
520 _aA continuation of a series of articles covering rolls and rollers in equipment, a discussion is presented of the chemical bonding of hard rubber rollers to metal cores. Data are given on the Martens yield temperature of hardened rubbers (NR and others) as a function of the type of rubber and the amount of sulphur used.
650 _aNatural rubber
650 _aRollers
650 _aRolls
856 _uIRRDB
942 _cJS
999 _c67234
_d67234